| 000 | 00471nam a2200169 4500 | ||
|---|---|---|---|
| 001 | 106881 | ||
| 003 | ES-MaACL | ||
| 005 | 20230906184312.0 | ||
| 007 | t| | ||
| 008 | 061121s1980 sp r ||||1| spa d | ||
| 100 | 1 |
_aMora, José Luis. _982861 |
|
| 245 | 1 | 0 |
_aEn la ciudad / _cJosé Luis Mora. |
| 260 |
_aCiudad Real : _bMuseo de Ciudad Real, _c1980. |
||
| 300 |
_a48 p. ; _c17 cm. |
||
| 710 | 2 |
_aMuseo de Ciudad Real. _95852 |
|
| 852 |
_aES-MaACL _j2115-F-15 _bR.101001 |
||
| 999 |
_c106881 _d106881 |
||